Návrh na vytvorenie postupu optimalizácie vybraného procesu v Metales, s.r.o., Dolný Kubín

Uložené v:
Podrobná bibliografia
Hlavný autor: Križanová, Michaela (Autor)
Ďalší autori: Lestyánszka Škůrková, Katarína (Vedúci práce)
Médium: Rukopis Kniha
Jazyk:Slovak
Vydavateľské údaje: 2025
Predmet:
On-line prístup:http://is.stuba.sk/zp/portal_zp.pl?podrobnosti=178119
Tagy: Pridať tag
Žiadne tagy, Buďte prvý, kto otaguje tento záznam!

MARC

LEADER 00000ntm a22000003a 4500
001 stuzp104051
003 SK-STU
005 20250628211138.0
007 ta
008 150427s2015----xo-----f-mn---000-0-slo-d
040 |a STU  |b slo 
041 0 |a slo 
100 1 |a Križanová, Michaela  |u 064000  |4 aut  |U MTF Materiálovotechnologická fakulta  |T MTF Ústav priemyselného inžinierstva a manažmentu  |X 122370  |U M4000  |Y 84  |7 122370 
242 0 1 |a Proposal for the creation of a procedure for the optimization of the selected process in Metales, s.r.o., Dolný Kubín  |y eng 
245 1 0 |a Návrh na vytvorenie postupu optimalizácie vybraného procesu v Metales, s.r.o., Dolný Kubín 
260 |c 2025 
650 4 |a Kanban  |2 slo 
650 4 |a SMED  |2 slo 
650 4 |a WMS  |2 slo 
650 4 |a WMS  |2 eng 
650 4 |a SMED  |2 eng 
650 4 |a Kanban  |2 eng 
700 1 |a Lestyánszka Škůrková, Katarína  |u 064000  |k Z1  |4 ths  |U MTF Materiálovotechnologická fakulta  |T MTF Ústav priemyselného inžinierstva a manažmentu  |X 61397  |U M4000  |Y 84  |7 61397 
856 4 |u http://is.stuba.sk/zp/portal_zp.pl?podrobnosti=178119 
996 |c M* BP-9959  |l MMSKP  |s P  |a 0  |w stuzp104051_0001